000297477 001__ 297477
000297477 005__ 20240928180939.0
000297477 0247_ $$aG:(GEPRIS)339584547$$d339584547
000297477 035__ $$aG:(GEPRIS)339584547
000297477 040__ $$aGEPRIS$$chttp://gepris.its.kfa-juelich.de
000297477 150__ $$aProjektakademie Medizintechnik: Medizintechnische Lösungen zur kontrollierten, regio-spezifischen und sicheren Darreichung über die Nasenhöhle$$y2016 - 2018
000297477 371__ $$aProfessorin Dr. Katharina Zimmermann
000297477 450__ $$aDFG project G:(GEPRIS)339584547$$wd$$y2016 - 2018
000297477 5101_ $$0I:(DE-588b)2007744-0$$aDeutsche Forschungsgemeinschaft$$bDFG
000297477 680__ $$a
000297477 909CO $$ooai:juser.fz-juelich.de:964220$$pauthority$$pauthority:GRANT
000297477 909CO $$ooai:juser.fz-juelich.de:964220
000297477 980__ $$aG
000297477 980__ $$aAUTHORITY